Grands Événements par Date. - Statistiques

Statistiques générales
  • Ce quiz a été pris 105 fois
    18 depuis la dernière actualisation
  • Le résultat moyen est 5 sur 9
Statistiques - réponses
Date Événement % Correct
1789 Révolution Française
100%
1989 Chute du mur de Berlin
81%
1914 Début de la Première Guerre Mondiale
81%
1939 Début de la Seconde Guerre Mondiale
81%
1776 Déclaration d'indépendance des États-Unis
56%
1969 L'Homme marche sur la Lune
50%
1941 Attaque de Pearl Harbor
31%
1861 Début de la Guerre de Sécession
13%
1948 Déclaration Universelle des Droits de l'Homme (DUDH)
0%
Aucun quiz correspondant
Distribution des résultats
% des personnes avec chaque résultat
Percentile par nombre de réponses
Votre historique - résultats
Vous n’avez pas pris ce quiz depuis la dernière actualisation